| 000 | 00678nam a22001815i 4500 | ||
|---|---|---|---|
| 001 | 169309 | ||
| 003 | ES-MaACL | ||
| 005 | 20230906214046.0 | ||
| 008 | 080829s1999 sp |||| | spa d | ||
| 080 | _a811.134.2'342 | ||
| 100 | 1 |
_aEsgueva Martínez, Manuel A. _947722 |
|
| 245 | 1 | 0 |
_aVocales en contacto _b: la elisión / _cManuel Agustín Esgueva Martínez. |
| 260 |
_a[Madrid] : _bArco/Libros, _c[1999] |
||
| 300 |
_aP. [287]-299 ; _c24 cm. |
||
| 595 | _aSeparata de: Lengua y discurso: estudios dedicados al profesor Vidal Lamíquez. | ||
| 650 | 4 |
_aLengua española- _xFonética. _914160 |
|
| 852 |
_aES-MaACL _j2233-F-15 _9R.137805 _z. - Dedicatoria autógrafa del autor |
||
| 999 |
_c169309 _d169309 |
||